Statistics for FIFA 23 RANDOM PLAYERS COUNTRY QUIZ #15

Click here to take the quiz!

General Stats

  • This quiz has been taken 14 times
  • The average score is 16 of 20

Answer Stats

HintAnswer% Correct
RicharlisonBrazil
100%
Juan CuadradoColumbia
100%
Declan RiceEngland
100%
Harry KaneEngland
100%
Nico SchlotterbeckGermany
100%
Przemyslaw FrankowskiPoland
100%
Fernando HierroSpain
100%
Carles PuyolSpain
100%
ArthurBrazil
93%
Dominik SzoboszlaiHungary
93%
Junya ItoJapan
93%
Jerzy DudekPoland
93%
Bartosz BereszyńskiPoland
93%
DavidsonBrazil
79%
Anthony ModesteFrance
79%
Djed SpenceEngland
71%
Lovro MajerCroatia
50%
Iñaki WilliamsGhana
43%
AitorSpain
29%
Tobias LauritsenNorway
0%

Score Distribution

Percentile by Number Answered

Percent of People with Each Score

Your Score History

You have not taken this quiz